[Event "BCF-ch U10"]
[Site "Bournemouth"]
[Date "2016.07.30"]
[Round "7"]
[White "Desai, Tarun"]
[Black "Easwar, Keerthana"]
[Result "1-0"]
[WhiteElo "1089"]
[BlackElo "1028"]
[PlyCount "109"]
[EventDate "2016.07.26"]
[EventType "swiss"]
[EventRounds "7"]
[EventCountry "ENG"]
[SourceTitle "CBM 173 Extra"]
[Source "ChessBase"]
[SourceDate "2016.08.29"]
[SourceVersion "1"]
[SourceVersionDate "2016.08.29"]
[SourceQuality "1"]

1. e4 e5 2. Nf3 Nc6 3. d4 exd4 4. Nxd4 Bc5 5. Be3 Nf6 6. Nxc6 dxc6 7. Qxd8+ Kxd8 8. Bxc5 Nxe4 9. Bd4 Rg8 10. Nc3 Nxc3 11. Bxc3 Re8+ 12. Kd2 g6 13. Rd1 Ke7 14. Re1+ Kf8 15. Bb4+ Kg8 16. Rxe8+ Kg7 17. Bc3+ Kh6 18. Re3 Be6 19. Be2 Rd8+ 20. Rd3 Re8 21. g4 Kg5 22. Re1 Bc4 23. Re3 Rd8+ 24. Kc1 Bxe2 25. R1xe2 b5 26. Rf3 Rd6 27. Bd2+ Kxg4 28. Rg3+ Kf5 29. Rf3+ Kg4 30. Rf4+ Kg5 31. Rxf7+ Kh5 32. Rxh7+ Kg4 33. h3+ Kf5 34. Rf7+ Rf6 35. Rxf6+ Kxf6 36. Bc3+ Kf5 37. Re7 a6 38. Rxc7 Ke6 39. Rxc6+ Kf5 40. Rxa6 Ke4 41. a4 bxa4 42. Rxa4+ Kf5 43. b4 Ke6 44. b5 Kd7 45. Rb4 Kc7 46. b6+ Kb7 47. f4 Kb8 48. b7 Kc7 49. b8Q+ Kc6 50. Qc8+ Kd5 51. Rb5+ Ke4 52. Qg4 Ke3 53. Re5+ Kf2 54. Bd4+ Kf1 55. Qg1# 1-0

[Event "BCF-chT4 1516 (4NCL)"]
[Site "England"]
[Date "2016.04.30"]
[Round "9.99"]
[White "Desai, Tarun"]
[Black "Willmoth, Kate"]
[Result "1/2-1/2"]
[WhiteElo "1219"]
[BlackElo "932"]
[PlyCount "196"]
[EventDate "2015.11.14"]
[EventType "team-swiss"]
[EventRounds "11"]
[EventCountry "ENG"]
[SourceTitle "EXT 2017"]
[Source "ChessBase"]
[SourceDate "2016.10.25"]
[SourceVersion "1"]
[SourceVersionDate "2016.10.25"]
[SourceQuality "1"]
[WhiteTeam "Midland Monarchs II"]
[BlackTeam "Barnet Knights III"]
[WhiteTeamCountry "ENG"]
[BlackTeamCountry "ENG"]

1. e4 e5 2. Nf3 Nc6 3. d4 exd4 4. Nxd4 Bc5 5. Be3 Bb6 6. Nxc6 bxc6 7. Bxb6 axb6 8. Qg4 g6 9. Bc4 Qe7 10. Qe2 Nf6 11. Nd2 0-0 12. 0-0 d5 13. exd5 Qxe2 14. Bxe2 cxd5 15. Rfe1 Bb7 16. Bf3 Rfe8 17. a3 Rxe1+ 18. Rxe1 Re8 19. Rd1 Nd7 20. h3 Nc5 21. Nb1 Rd8 22. Nc3 c6 23. b4 Nd7 24. b5 Nf6 25. bxc6 Bxc6 26. Ne4 Nxe4 27. Bxe4 Rd6 28. c4 d4 29. Bxc6 Rxc6 30. Rxd4 Rc5 31. Kf1 Kg7 32. Ke2 Kf6 33. Rd5 Rxd5 34. cxd5 Ke5 35. Kd3 Kxd5 36. f4 Kc5 37. Kc3 Kd5 38. Kb4 Ke4 39. Kb5 Kxf4 40. Kxb6 Kg3 41. a4 Kxg2 42. a5 f5 43. a6 f4 44. a7 f3 45. a8Q Kg3 46. Qb8+ Kxh3 47. Qf4 Kg2 48. Qg4+ Kf2 49. Qd4+ Kg2 50. Qg4+ Kf2 51. Qh4+ Ke2 52. Qh2+ f2 53. Qe5+ Kf3 54. Qc3+ Kg2 55. Qc6+ Kg1 56. Qc1+ f1Q 57. Qg5+ Kf2 58. Qf4+ Ke1 59. Qc1+ Ke2 60. Qc4+ Kf2 61. Qf4+ Kg2 62. Qg4+ Kh2 63. Qh4+ Kg1 64. Qg3+ Qg2 65. Qe1+ Kh2 66. Qh4+ Qh3 67. Qf4+ Qg3 68. Qd2+ Kh1 69. Qh6+ Qh2 70. Qg7 Qd6+ 71. Kb5 Kh2 72. Qb2+ Kh3 73. Qc3+ Qg3 74. Qc8+ Qg4 75. Qc3+ Kh4 76. Qe1+ Qg3 77. Qh1+ Kg5 78. Qc1+ Qf4 79. Qg1+ Kf5 80. Qb1+ Qe4 81. Qf1+ Ke5 82. Qa1+ Kd5 83. Qa2+ Ke5 84. Qa1+ Qd4 85. Qe1+ Qe4 86. Qg3+ Qf4 87. Qc3+ Qd4 88. Qe1+ Kd5 89. Qh1+ Qe4 90. Qd1+ Qd4 91. Qh1+ Kd6 92. Qc6+ Ke5 93. Qe8+ Kf4 94. Qf7+ Ke3 95. Qe6+ Qe4 96. Qh3+ Ke2 97. Qh2+ Kd3 98. Qd6+ Qd4 1/2-1/2

[Event "London Weekend U1800 7th"]
[Site "London"]
[Date "2015.12.05"]
[Round "2.22"]
[White "Pride, Stephen C"]
[Black "Desai, Tarun"]
[Result "1-0"]
[WhiteElo "1667"]
[BlackElo "1268"]
[PlyCount "67"]
[EventDate "2015.12.04"]
[EventType "swiss"]
[EventRounds "5"]
[EventCountry "ENG"]
[SourceTitle "EXT 2023"]
[Source "ChessBase"]
[SourceDate "2022.10.05"]
[SourceVersion "1"]
[SourceVersionDate "2022.10.05"]
[SourceQuality "1"]

1. d4 g6 2. e4 Bg7 3. Nc3 b6 4. Nf3 Bb7 5. Be3 d6 6. Qd2 h6 7. Bd3 Nd7 8. 0-0 a6 9. a4 e6 10. Ne1 Ne7 11. f4 c5 12. Nf3 Qc7 13. Rab1 0-0-0 14. b4 cxd4 15. Bxd4 Bxd4+ 16. Nxd4 Kb8 17. Nce2 f5 18. Nxe6 Qc6 19. Nxd8 Rxd8 20. Nd4 Qxa4 21. Ra1 Qxa1 22. Rxa1 fxe4 23. Bxa6 Re8 24. Bxb7 Kxb7 25. Nb5 Kc6 26. Qxd6+ Kxb5 27. Qxd7+ Kxb4 28. Qxe8 Nd5 29. Qxe4+ Kc5 30. Qxg6 Nxf4 31. Qf5+ Nd5 32. Rd1 Kc4 33. Qxd5+ Kc3 34. Qb3# 1-0